|
|
|
|
| LEADER |
01707nam a2200445 a 4500 |
| 001 |
000077294 |
| 003 |
CZ BrMZK |
| 005 |
20240912121929.0 |
| 007 |
ta |
| 008 |
010907s1996 xr f cze d |
| 015 |
|
|
|a cnb000117040
|
| 020 |
|
|
|a 80-7184-158-7
|
| 035 |
|
|
|a (OCoLC)84910378
|
| 040 |
|
|
|a BOA001
|b cze
|
| 072 |
|
7 |
|a 39
|x Kulturní antropologie. Etnologie. Etnografie
|2 Konspekt
|9 1
|
| 080 |
|
|
|a [39+572](091)
|2 MRF
|
| 080 |
|
|
|a 316:39
|2 MRF
|
| 080 |
|
|
|a 39
|2 MRF
|
| 080 |
|
|
|a (048.8)
|2 MRF
|
| 100 |
1 |
|
|a Soukup, Václav,
|d 1957-
|7 jn20000402254
|4 aut
|
| 245 |
1 |
0 |
|a Dějiny sociální a kulturní antropologie /
|c Václav Soukup
|
| 250 |
|
|
|a 2. rozš. vyd.
|
| 260 |
|
|
|a Praha :
|b Karolinum,
|c 1996
|
| 300 |
|
|
|a 303 s. :
|b il. ;
|c 23 cm
|
| 490 |
1 |
|
|a Acta Universitatis Carolinae. Philosophica et historica. Monographia ;
|v 1994. 149
|
| 500 |
|
|
|a Vyd. Univ. Karlova, Praha. - Bibliogr. - Souhrn angl.
|
| 650 |
0 |
7 |
|a dějiny antropologie
|7 ph484353
|2 czenas
|
| 650 |
0 |
7 |
|a sociální antropologie
|7 ph125775
|2 czenas
|
| 650 |
0 |
7 |
|a kulturní antropologie
|7 ph122018
|2 czenas
|
| 650 |
0 |
9 |
|a history of anthropology
|2 eczenas
|
| 650 |
0 |
9 |
|a social anthropology
|2 eczenas
|
| 650 |
0 |
9 |
|a cultural anthropology
|2 eczenas
|
| 655 |
|
7 |
|a monografie
|7 fd132842
|2 czenas
|
| 655 |
|
9 |
|a monographs
|2 eczenas
|
| 830 |
|
0 |
|a Acta Universitatis Carolinae.
|p Philosophica et historica.
|p Monographia
|0 s
|
| 910 |
|
|
|a BOA001
|b 2-1023.833
|b PK-0127.316
|
| 920 |
|
|
|a 000161934
|
| 990 |
|
|
|a BK
|
| 996 |
6 |
|
|b 2610040762
|c 2-1023.833
|l MZK
|r Sklad / do 1 hodiny
|n 27
|p p.v.
|w 000077294
|u 000010
|a 1
|e BOA001
|j MZK50
|s P
|
| 996 |
7 |
|
|b 3119007419
|c PK-0127.316
|l Vol.výběr
|r VV 0p
|n 127
|p kup
|h 572 SOU
|w 000077294
|u 000030
|a 0
|e BOA001
|j MZK50
|s A
|